000 00390nam a2200133Ia 4500
008 240719s9999 xx 000 0 und d
041 _aeng
082 _a221.9 Ary
100 _aArya, Vedveer
245 _aThe Chronology Of India From Manu To Mahabharata
260 _aHyderabad
_bAryabhata Publication
_c2019
300 _a486.; P. 24 Cm
520 _aGifted By : IMT Faculty Dr. Pawan Jain
999 _c41257
_d41257